Normal view
MARC view
- Botánica
Entry Materia
001 - NÚMERO DE CONTROL DEL REGISTRO
- campo de control: 764
003 - IDENTIFICADOR DE NUMERO DE CONTROL
- campo de control: MX-MxUPN
005 - FECHA Y HORA DE LA ÚLTIMA TRANSACCIÓN
- campo de control: 20240807133121.0
008 - DATOS DE LONGITUD FIJA
- campo de control de longitud fija: 240807n| acnnnbabn | ana |d
035 ## - NÚMERO DE CONTROL DEL SISTEMA
- Número de control del sistema: UPN10000000764
040 ## - FUENTE DE LA CATALOGACIÓN
- Centro catalogador de origen: MX-MxUPN
- Lengua de catalogación: spa
- Agencia de transcripción: MX-MxUPN
046 ## - FECHAS CON CODIFICACIÓN ESPECIAL
- Fecha final para contenidos agregados: 220523
150 ## - ENCABEZAMIENTO - TEMÁTICO
- Término de materia o nombre geográfico como elemento inicial: Botánica
360 ## - REFERENCIA COMPLEJA DE VÉASE ADEMÁS - MATERIA
- Texto explicativo: Véase también subdivisiones, clases, etc. del reino vegetal. Ej.:
- Encabezamiento al que se remite: ALGAS ; CRIPTOGAMAS ; FANEROGAMAS ; HELECHOS ; HONGOS ; LIQUENES ; MUSGOS ;
- Texto explicativo: y nombres de plantas
670 ## - FUENTE EN LA QUE SE LOCALIZARON DATOS
- Cita de la fuente: E
902 ## - CATALOGADOR
- Catalogador: MEEG/211097
